02259nam a2200301 i 4500003000900000005001700009007000300026008004100029020001800070040003000088041001800118082002700136100004200163245041400205264004300619300006400662336002700726337003300753338002800786505065300814546004601467650005901513651006301572651006801635700004701703740009901750740010801849DO-SdBNP20260305073952.0ta181206s2014 dr co 000 0 spa d a9789945887983 aDO-SdBNPbspacBNPHUerda17aspahengcfre 4a303.44bM938g 20142221 aMoya Pons, Frank,d1944-eautor4aut.13aEl gran cambio = The great change = Le grand changement :bla transformación social y económica de la República Dominicana,1963-2013 = The great change : the social and economic transformation of the Dominican Republic, 1963-2013 = Le grand changement : la transformation sociale et économique de la Republique Dominicaine, 1963-2013 /cFrank Moya Pons ; edición fotografías, Jesús Rodríguez. 1aSanto Domingo :bBanco Popular,c2014. a385, 391 páginas :bretratos, fotografías ;c32, 44 cm. atextobtxt2rdacontent asin mediaciónbn2rdamedia avolumenbnc2rdacarrier0 aPresentación --tRaíces del cambio = Roots of change = Les origines du changement, pag. 29 --tEl crecimiento económico = Economic growth = La croissance economique, pag. 57 --tLa evolución demográfica = The demographic revolution = La revolution demographique, pag. 135 --tEl proceso de urbanización = The process of urbanization = Le proces d´urbanization, pag. 163 --tLos caminos y las comunicaciones = Roads and communication = Les chemins et la communication, pag. 193 --tLa nueva sociedad = The new society = La nouvelle societe, pag. 231 --tEl gran cambio, pag. 275 --tLas raíces del cambio : una revolución ignorada.  aTexto en español, inglés y francés. 72LEMBaCambio social xHistoriazRepública Dominicana 2LEMBaRepública DominicanaxCondiciones sociales y1961- 2LEMBaRepública Dominicana xCondiciones económicas y1961-1 aRodríguez, Jesús,efotografías4fot.0 aThe great change : the social and economic transformation of the Dominican Republic, 1963-20130 aLe grand changement : la transformation sociale et économique de la Republique Dominicaine, 1963-2013